00631nam a2200193Ia 4500008004100000020001500041041001200056082001600068100001500084245006900099250000800168260002500176300001000201650001800211700001500229942000700244999001500251952017100266221030s9999 xx 000 0 und d a0074632256 aEnglish a105.23bKha aM. Y. Khan 0aFinancial Mangement : Text & Problemscby M. Y. Khan, P. K. Jain a3rd bTMHaNew Delhic2003 a20.20 aBE Management aP. K. Jain cBK c5924d5924 pBE 7105g275.00l0o105.23 Khar2024-06-13 00:00:00w2022-10-30yBK003Print4070aMIETLIBbMIETLIBcBL-Academic Block-a, FL-1, CUP-39, SH-3, R-3d2003-08-2610HBE